01010nam a2200277Ia 4500001000700000003000500007008004100012010001100053040000900064082001600073100002300089240003100112245015000143250001800293260003000311300001700341500007600358503007100434504002100505650002600526650004200552650005800594650001600652700003400668700003000702Z_3098CHAP220113s1977 xx 000 0 und d a166197 cCHAP a636.085 M67 aMorrison, Frank B. aFeeds and feeding abridged aCompendio de alimentación del ganado /cFrank Barron Morrison; colaboración Elsie B. Morrison...[et al]; traducción José Luis de la Loma areimpresión aMéxico :bUTEHA,c1977 aviii, 721 p. aTraducción de la obra en inglés: Feeds and feeding abridged de 1956 aej.1: s/n \ ej.2: donación de Francisco Montero Jaso 29-ene-1980 aincluye índice aAlimentación animal aAlimentos y alimentación del ganado aAlimentos y alimentación del ganado xx Análisis aGanadería a Loma, José Luis de la, tr. aMorrison, B. Elsie, col.